000 00739nam a2200265Ia 4500
001 15583
005 20240113235633.0
007 ta
008 051209s1951 a g b000 u 465 u
040 _aCotton College Assam
041 _a465
082 _a516
_bM 451 G
100 _aMaxwell, E.A. .
245 0 _aGeneral Homogeneous Coordinates in Space of Three Dimensions /
_cE.A.Maxwell.
_hTextual Documents
250 _a1st ed. /
260 _aCambridge :
_bAt The University Press ,
_c1951.
300 _aixp,169p. :
_bill ;
_c22cm .
504 _aIndex
653 _aHomogeneous Coordinates
653 _aThree Dimensions
653 _aG-Mathematics
942 _2ddc
_cBK
999 _c15569
_d15569